<L'>Essor de l'État-providence russe (1992-1998)

Saved in:
Bibliographic Details
Main Author: Caroli, Dorena
Format: Book
Language:French
Published: San Domenico (FI) European University Institute 2001
Series:EUI Working paper HEC No. 2001/2
Subjects:
Tags: Add Tag
No Tags, Be the first to tag this record!

MARC

LEADER 00000nam a2200000 4500
001 c132449
005 20221124103845.7
041 0 |a fre 
044 |a IT 
245 1 0 |a <L'>Essor de l'État-providence russe (1992-1998)  |c Dorena Caroli 
264 1 |a San Domenico (FI)  |b European University Institute  |c 2001 
300 |a 19 s. 
490 1 |a EUI Working paper HEC  |v No. 2001/2 
830 0 |a EUI Working paper HEC  |v No. 2001/2 
610 2 0 |a obdobie prechodné 
610 2 0 |a politika sociálna 
610 2 0 |a reformy 
610 2 0 |a Rusko 
610 2 0 |a 1992-1998 
100 1 |a Caroli, Dorena